The new wealth of cities (Record no. 107269)

MARC details
000 -LEADER
fixed length control field 01058cam a22002535a 4500
001 - CONTROL NUMBER
control field L139045
008 - FIXED-LENGTH DATA ELEMENTS--GENERAL INFORMATION
fixed length control field 070720s2007 xxkabd f 001 0 eng d
020 ## - INTERNATIONAL STANDARD BOOK NUMBER
International Standard Book Number 9780754647898
035 ## - SYSTEM CONTROL NUMBER
System control number (Sirsi) u139045
041 0# - LANGUAGE CODE
Language code of text/sound track or separate title eng
050 04 - LIBRARY OF CONGRESS CALL NUMBER
Classification number 711 $2 18
-- 307.1216
100 1# - MAIN ENTRY--PERSONAL NAME
Personal name Montgomery, John
245 04 - TITLE STATEMENT
Title The new wealth of cities
Remainder of title city dynamics and the fifth wave
260 ## - PUBLICATION, DISTRIBUTION, ETC.
Place of publication, distribution, etc. Aldershot
Name of publisher, distributor, etc. Ashgate
Date of publication, distribution, etc. 2007
300 ## - PHYSICAL DESCRIPTION
Extent xxviii, 437p.
Other physical details ill.
Dimensions 24cm.
350 ## - PRICE (NR) (BK AM CF MU VM SE) [OBSOLETE]
Price 52.25
505 2# - FORMATTED CONTENTS NOTE
Formatted contents note Theory -- Economy -- Culture -- Time -- Place -- Creative milieux -- Summary and conclusion.
520 ## - SUMMARY, ETC.
Summary, etc. Considers how cities work in relation to the long cycles of economic development. It suggests that a new wave of wealth creation - the fifth wave- built on new technologies and new industries is just getting underway in the Western world. The book focuses on what effect this will have on cities and city regions and how they should react.
590 ## - LOCAL NOTE (RLIN)
Local note ka
651 #4 - SUBJECT ADDED ENTRY--GEOGRAPHIC NAME
Geographic name International
690 ## - LOCAL SUBJECT ADDED ENTRY--TOPICAL TERM (OCLC, RLIN)
Topical term or geographic name as entry element PROPERTY-PROPERTY DEVELOPMENT
942 ## - ADDED ENTRY ELEMENTS (KOHA)
Suppress in OPAC 0
Holdings
Withdrawn status Lost status Source of classification or shelving scheme Damaged status Not for loan Home library Current library Shelving location Date acquired Cost, normal purchase price Total Checkouts Full call number Barcode Date last seen Date last checked out Copy number Cost, replacement price Price effective from Koha item type
    Dewey Decimal Classification     London London Books 23/08/2007 52.25 4 711.183071216 MON 30074179 06/08/2019 29/10/2008 1 52.25 06/08/2019 Book